1890 1637 1325 1265 1617 1472 1914 1579 1306 1241 1768 1840 1540 1458 1774 1745 1187 1488 1803 1108 1236 1188 1358 1467 1360 1445 1522 1082 1147 1644 1724 1584 1771 1423 1827 1994 1111 1212 1949 1134 1387 1437 1864 1973 1060 1933 1004 1696 1589 1349 1651 1478 1524 1233 1368 1781 1947 1665 1737 1822 1252 1582 1271 1032 1397 1275 1724 1811 1443 1720 1412 1568 1718 1169 1870 1253 1746 1379 1112 1877 1793 1557 1907 1764 1413 1162 1985 1183 1962 1157 1345 1953 1245 1108 1742 1868 1138 1050 1793 BCNSPRNW ULIB Ver.6.0+V

เปลี่ยนเป็นภาษาไทย

Change to English
 แสดงรายละเอียดบรรณานุกรม
  กลับหน้าหลัก

Brief Record : Get Marc (ISO 2709) : E-mail record : QR code < ปิดหน้าต่าง
LEADER : 00000nam 2200000uu 4500
001    13399113216
003     ULIB
008    110927s2550||||th 000 0 tha d
020    9789744120434
050 04 QC21^bส266ศ 2550
100 0  สมพร วัฒนเวคิน
245 10 ศัพท์ฟิสิกส์/^cสมพร วัฒนเวคิน
260    กรุงเทพฯ :^bแม็ค,^c2550
300    262 หน้า
650  7 ศัพท์^xฟิสิกส์
650  7 ฟิสิกส์
945    ^p70^l0^i021608
995    ทศพร
999 ^a ทศพร
รายการนี้ยังไม่มีแท็ก
คุณยังไม่ได้ล็อกอิน คุณสามารถมีกิจกรรมร่วมกับเว็บไซต์ได้ แต่ต้องล็อกอินก่อน ::
  ล็อกอิน

รายการสื่อสารสนเทศ

ลำดับที่ ประเภท เลขเรียก/บาร์โค้ด สถานที่ สถานะ
- ไม่พบข้อมูล -

รายการใกล้เคียง
    ผู้แต่ง [สมพร วัฒนเวคิน]

    หัวเรื่อง [ฟิสิกส์]

BibComment


ยังไม่เคยถูกคอมเมนท์

คอมเมนท์ทรัพยากรรายการนี้
  คอมเมนท์: ศัพท์ฟิสิกส์ สมพร..


 Copyright 2026. Bcnsprnw @Library